Financial accounting for BBA / (Record no. 70370)

MARC details
000 -LEADER
fixed length control field 00841nam a22002417a 4500
005 - DATE AND TIME OF LATEST TRANSACTION
control field 20120927112411.0
008 - FIXED-LENGTH DATA ELEMENTS--GENERAL INFORMATION
fixed length control field 120927t xxu||||| |||| 00| 0 eng d
010 ## - LCCN (DPL NO)
LC control number ENG-106001
020 ## - INTERNATIONAL STANDARD BOOK NUMBER
International Standard Book Number 9788120346628
Terms of availability 375.00
035 ## - SYSTEM CONTROL NUMBER
System control number EN-89534
037 ## - SOURCE OF ACQUISITION
Source of stock number/acquisition DBAD/PUB
040 ## - CATALOGING SOURCE
Original cataloging agency DPL
Language of cataloging English
082 ## - DEWEY DECIMAL CLASSIFICATION NUMBER
Classification number 657.48
100 ## - MAIN ENTRY--PERSONAL NAME
Personal name Goyal, V.K.
9 (RLIN) 52674
245 ## - TITLE STATEMENT
Title Financial accounting for BBA /
Statement of responsibility, etc by V.K. Goyal [and] Ruchi Goyal
260 ## - PUBLICATION, DISTRIBUTION, ETC. (IMPRINT)
Place of publication, distribution, etc New Delhi
Name of publisher, distributor, etc PHI Learning
Date of publication, distribution, etc 2012
270 ## - ADDRESS
Address M-97, Connaught Circus
City New Delhi
Postal code 110001
300 ## - PHYSICAL DESCRIPTION
Extent xvi,587p.
Dimensions 24cm(pbk)
500 ## - GENERAL NOTE
General note Includes index
700 ## - ADDED ENTRY--PERSONAL NAME
Personal name Goyal, Ruchi
9 (RLIN) 52676
942 ## - ADDED ENTRY ELEMENTS (KOHA)
Source of classification or shelving scheme Dewey Decimal Classification
Item type English Books
Call number suffix GOY
Classification part 657.48
Holdings
Withdrawn status Lost status Source of classification or shelving scheme Damaged status Not for loan Collection code Home library Current library Date acquired Source of acquisition Cost, normal purchase price Total Checkouts Full call number Barcode Date last seen Copy number Cost, replacement price Koha item type
    Dewey Decimal Classification   Not For Loan Non-fiction D.B.Act.Division D.B.Act.Division 27/09/2012 DBAD / PUB 375.00   657.48 GOY EN-89534 27/09/2012 1 375.00 English Books

© Delhi Public Library
Hit Counter
free hit counter